000
00317nam a2200133Ia 4500
008
191201s1999 xx 000 0 und d
082
_a
677.0287
_b
KOT
100
_a
KOTHARI, V K
245
0
_a
Testing & Quality Management
260
_a
N.Delhi
_b
IAFL
_c
1999
300
_a
545
650
_a
B.Tech(TE)
942
_2
ddc
_c
BK
999
_c
3749
_d
3749